MARC details
| 000 -CABECERA |
| campo de control de longitud fija |
01319nam a2200349 a 4500 |
| 001 - NÚMERO DE CONTROL |
| campo de control |
000005366 |
| 005 - FECHA Y HORA DE LA ÚLTIMA TRANSACCIÓN |
| campo de control |
20200929151644.0 |
| 008 - DATOS DE LONGITUD FIJA--INFORMACIÓN GENERAL |
| campo de control de longitud fija |
090819s2002 sp 001 0 spa d |
| 020 ## - NÚMERO INTERNACIONAL ESTÁNDAR DEL LIBRO |
| Número Internacional Estándar del Libro |
8400081145 |
| 040 ## - FUENTE DE LA CATALOGACIÓN |
| Centro catalogador/agencia de origen |
DO-SdBNP |
| Lengua de catalogación |
spa |
| Centro/agencia transcriptor |
BNPHU |
| 082 ## - NÚMERO DE LA CLASIFICACIÓN DECIMAL DEWEY |
| Número de clasificación |
888.4 |
| Número de documento/Ítem |
P718a |
| 049 ## - FONDOS LOCALES (OCLC) |
| Fondos de biblioteca |
BNPD |
| 100 1# - ENTRADA PRINCIPAL--NOMBRE DE PERSONA |
| Nombre de persona |
Platón, |
| Fechas asociadas al nombre |
428?-348 A.C. |
| 9 (RLIN) |
15212 |
| 245 10 - MENCIÓN DE TÍTULO |
| Título |
Apología de Sócrates : |
| Resto del título |
Fedón / |
| Mención de responsabilidad, etc. |
Platón ; introducción, traducción y notas de Enrique Ángel Ramos Jurado. |
| 250 ## - MENCIÓN DE EDICIÓN |
| Mención de edición |
ed. rev. |
| 260 ## - PUBLICACIÓN, DISTRIBUCIÓN, ETC. |
| Lugar de publicación, distribución, etc. |
Madrid : |
| Nombre del editor, distribuidor, etc. |
Ministerio de Educación y Ciencia |
| -- |
Consejo Superior de Investigaciones Científicas, |
| Fecha de publicación, distribución, etc. |
2002. |
| 300 ## - DESCRIPCIÓN FÍSICA |
| Extensión |
225 p. ; |
| Dimensiones |
22 cm. |
| 490 1# - MENCIÓN DE SERIE |
| Mención de serie |
Alma Mater ; |
| 490 1# - MENCIÓN DE SERIE |
| Mención de serie |
Autores griegos y latinos ; |
| 500 ## - NOTA GENERAL |
| Nota general |
Incluye referencias biblográficas y notas al pie de las páginas |
| 504 ## - NOTA DE BIBLIOGRAFÍA, ETC. |
| Nota de bibliografía, etc. |
Bibliografía : p. 105-128 |
| 546 ## - NOTA DE LENGUA/LENGUAJE |
| Nota de lengua/lenguaje |
Texto en griego y traducción paralela en español, introducción en español |
| 600 04 - PUNTO DE ACCESO ADICIONAL DE MATERIA--NOMBRE DE PERSONA |
| Nombre de persona |
SOCRATES |
| Fechas asociadas al nombre |
470-399 a de J.C. |
| 9 (RLIN) |
15213 |
| 630 0# - PUNTO DE ACCESO ADICIONAL DE MATERIA--TÍTULO UNIFORME |
| Título uniforme |
FEDÓN |
| 9 (RLIN) |
15214 |
| 650 #4 - PUNTO DE ACCESO ADICIONAL DE MATERIA--TÉRMINO DE MATERIA |
| Término de materia o nombre geográfico como elemento de entrada |
Literatura griega |
| 9 (RLIN) |
2386 |
| 650 #4 - PUNTO DE ACCESO ADICIONAL DE MATERIA--TÉRMINO DE MATERIA |
| Término de materia o nombre geográfico como elemento de entrada |
Filosofía griega |
| 9 (RLIN) |
15215 |
| 700 1# - PUNTO DE ACCESO ADICIONAL--NOMBRE DE PERSONA |
| Nombre de persona |
Jurado, Ángel Ramos, |
| Término indicativo de función/relación |
tr. |
| 9 (RLIN) |
15216 |
| 730 0# - PUNTO DE ACCESO ADICIONAL--TÍTULO UNIFORME |
| Título uniforme |
Apología de Sócrates |
| Lenguaje de la obra |
Español-Griego |
| 9 (RLIN) |
15217 |
| 730 0# - PUNTO DE ACCESO ADICIONAL--TÍTULO UNIFORME |
| Título uniforme |
Fedón |
| Lenguaje de la obra |
Español-Griego |
| 9 (RLIN) |
15218 |
| 830 #0 - PUNTO DE ACCESO ADICIONAL DE SERIE-TÍTULO UNIFORME |
| Título uniforme |
Alma Mater |
| 9 (RLIN) |
807 |
| 830 #0 - PUNTO DE ACCESO ADICIONAL DE SERIE-TÍTULO UNIFORME |
| Título uniforme |
Autores griegos y latinos |
| 9 (RLIN) |
15129 |